Timely Musicals Quiz Stats

Quiz Updated Nov 26, 2014

Challenge
Share
Tweet
Embed
Score 0/43 Timer 15:00
1 Play Today
Song Musical % Correct
Summer NightsGrease
85.2%
TomorrowAnnie
79.5%
Music Of The NightPhantom Of The Opera
78.7%
The Time WarpRocky Horror Show
77%
Good Morning BaltimoreHairspray
75.8%
Seasons of LoveRent
72.1%
I Could Have Danced All NightMy Fair Lady
67%
TonightWest Side Story
66.2%
Gimme, Gimme, Gimme (A Man After Midnight)Mamma Mia
56.9%
One Day MoreLes Miserables
56.7%
December '63 (Oh What A Night)Jersey Boys
50.4%
Some Enchanted EveningSouth Pacific
49.1%
Those Canaan DaysJoseph and the Amazing Technicolor Dreamcoat
46.9%
Good Morning StarshineHair
41.5%
Day By DayGodspell
40.1%
One Night OnlyDreamgirls
28.4%
One Night In BangkokChess
26.8%
Ever AfterInto The Woods
24.7%
Merry Christmas Maggie ThatcherBilly Elliot
22.2%
I Got The Sun In The MorningAnnie Get Your Gun
21.8%
For NowAvenue Q
21%
Be Back SoonOliver!
20.9%
Song Musical % Correct
Tomorrow Belongs To MeCabaret
19.1%
Getting Married TodayCompany
18.7%
On This Night Of A Thousand StarsEvita
18.6%
Morning Hymn And AlleluiaThe Sound Of Music
17.5%
Damned For All TimeJesus Christ Superstar
16.3%
The Night They Invented ChampagneGigi
14.7%
Now (It's Just The Gas)Little Shop Of Horrors
13.1%
Who Wants To Live ForeverWe Will Rock You
12.5%
The Past Is Another LandAida
11.4%
Now, Later, SoonA Little Night Music
9.2%
This Is The HourMiss Saigon
7.6%
Our TimeMerrily We Roll Along
6.5%
Bright New DayBlood Brothers
4.5%
Once Upon Another TimeLove Never Dies
4.2%
This Time Next YearSunset Boulevard
3.7%
Too Many TomorrowsSweet Charity
3.4%
Another Night At Daryl'sWitches of Eastwick
3%
Right Place, Right TimeStarlight Express
1.9%
Annie ChristmasWhistle Down The Wind
1.8%
The Happiest DayThe Beautiful Game
0.8%
Summer's DayLove Story
0.4%

You're not logged in!

Compare scores with friends on all Sporcle quizzes.
Sign Up with Email
OR
Log In

You Might Also Like...

Show Comments

Extras

Top Quizzes Today


Score Distribution

Your Account Isn't Verified!

In order to create a playlist on Sporcle, you need to verify the email address you used during registration. Go to your Sporcle Settings to finish the process.